000 00601nam a2200205Ii 4500
003 JO-AjNU
008 230606s9999||||xx |||||||||||||| ||und||
020 _a978-81-203-4682-6
040 _aJO-AjNU
_beng
_erda
_cJO-AjNU
041 _aeng
050 1 4 _aQA402.3.2013
100 3 _aSpeyer,Jason /Chung,walter,2013,
_eauthor
_93821
245 0 0 _aStochastic processes Estimation and Control
264 3 1 _aDelhi:phl,2013
300 _a382p
336 _atext
_btxt
_2rdacontent
337 _aunmediated
_bn
_2rdamedia
338 _avolume
_bnc
_2rdacarrier
650 4 _a Stochastic processes. 
_93822
999 _aE1993
_c1993
_d1993